01135nam a2200301 i 4500001001000000003000900010005001700019007000300036008004100039020001500080040003000095041000800125082001900133100004500152245012800197250002300325264005500348300005600403336002700459337003400486338003000520490002800550590002600578910000700604942001400611952019100625999001700816000038539DO-SdBNP20260414143623.0ta260210s1997 dr ac r 000 0 spa d a8484002519 aDO-SdBNPbspacBNPHUerda aspa 4axxxbC957b2221 aCruz Segura, Juan J.eautor9648784aut.10aBajo la barbarie :bla juventud democrática clandestina (1947-1959), testimonio de un protagonista /cJuan J. Cruz Segura aPrimera edición  aSanto Domingo :bEditora Taller C. por A.., c1997 a195 páginas :bilustraciones, rretratos ;c24 cm. atextobtxt2rdacontent asin mediación bn2rdamedia avolumen bnc2rdacarrier0 aBiblioteca Taller v317 aInventariado, 2026/DG aDG 2ddccLBS1 00102ddc51708PDaBNPHUbBNPHUcCTd2026-02-10eDonado por Federico Henríquez Gratereaux l0oBNPHU PD C957bp2026-0918r2026-02-10w2026-02-10yLBS1zFederico Henríquez Grateraux c60275d60275